Gaming Quiz

Random Gaming Quiz
Score 0/284 Timer 20:00
0 Plays Today
Game Answer % Correct
FE4Seliph
93.1%
FE4Leif
91%
FE5Leif
91%
FE6Shanna
91%
FE6Roy
89.6%
FE4Nanna
86.8%
FE4Finn
86.8%
FE5Finn
86.8%
FE5Nanna
86.8%
FE4Julia
85.4%
FE5Julia
85.4%
FE4Julius
82.6%
FE5Julius
82.6%
FE6Lilina
81.3%
FE4Ishtar
78.5%
FE5Ishtar
78.5%
FE6Marcus
78.5%
FE6Wolt
78.5%
FE4Larcei
77.8%
FE4Ced
77.8%
FE5Olwen
77.8%
FE5Ced
77.8%
FE6Alen
77.8%
FE6Lance
77.1%
FE6Lugh
77.1%
FE6Fir
77.1%
FE6Clarine
76.4%
FE6Sue
76.4%
FE6Thea
76.4%
FE6Raigh
76.4%
FE4Ares
75.7%
FE4Altena
75.7%
FE5Altena
75.7%
FE6Chad
75.7%
FE6Cecilia
75.7%
FE6Eliwood
75.7%
FE6Zephiel
75.7%
FE6Eliwood
75.7%
FE5Eyvel
75%
FE5Reinhardt
74.3%
FE6Klein
74.3%
FE6Bartre
74.3%
FE4Lene
73.6%
FE6Hector
73.6%
FE6Hector
73.6%
FE5Mareeta
72.2%
FE6Sophia
72.2%
FE6Fae
72.2%
FE4Oifey
71.5%
FE6Dieck
71.5%
FE6Rutger
71.5%
FE6Gwendolyn
71.5%
FE6Juno
70.1%
FE6Karel
70.1%
FE4Ulster
69.4%
FE5Tanya
69.4%
FE6Lot
69.4%
FE4Shannan
68.8%
FE6Bors
68.8%
FE6Wade
68.8%
FE4Lewyn
68.1%
FE5Saias
68.1%
FE5Lewyn
68.1%
FE6Merlinus
68.1%
FE6Elen
68.1%
FE6Saul
67.4%
FE6Dorothy
67.4%
FE6Perceval
67.4%
FE6Igrene
67.4%
FE6Narcian
67.4%
FE4Arthur
66.7%
FE5Dagdar
66.7%
FE4Arvis
66%
FE4Lana
65.3%
FE4Fee
65.3%
FE6Echidna
65.3%
FE4Patty
64.6%
FE4Daisy
64.6%
FE6Niime
64.6%
FE4Tine
63.9%
FE6Dayan
63.9%
FE5Orsin
63.2%
FE6Noah
63.2%
FE6Sin
63.2%
FE4Travant
62.5%
FE5Travant
62.5%
FE6Geese
62.5%
FE6Hugh
62.5%
FE4Hannibal
61.8%
FE5Hannibal
61.8%
FE6Gonzalez
61.8%
FE4Diarmuid
61.1%
FE5Diarmuid
61.1%
FE6Ogier
61.1%
FE4Hawk
60.4%
Game Answer % Correct
FE6Barthe
60.4%
FE4Lester
59.7%
FE6Larum
59.7%
FE6Yoder
59.7%
FE4Coirpre
59%
FE5Coirpre
59%
FE6Cath
59%
FE4Iuchar
57.6%
FE6Zelot
57.6%
FE6Trec
57.6%
FE6Douglas
57.6%
FE6Brunnya
57.6%
FE4Iucharba
56.9%
FE5Fred
56.9%
FE6Melady
56.9%
FE4Febail
55.6%
FE5Marty
55.6%
FE5Safy
55.6%
FE6Astolfo
55.6%
FE6Zeiss
55.6%
FE4Manfroy
54.2%
FE5Halvan
54.2%
FE5Manfroy
54.2%
FE6Garret
54.2%
FE6Elffin
53.5%
FE5Ronan
52.1%
FE5Shannam
52.1%
FE4Arion
51.4%
FE5Asbel
51.4%
FE5Salem
51.4%
FE5Perne
51.4%
FE5Arion
51.4%
FE4Creidne
50.7%
FE4Charlot
50.7%
FE6Guinivere
50.7%
FE6Guinivere
50.7%
FE4Hermina
50%
FE4Amid
50%
FE4Hilda
50%
FE4Galle
50%
FE6Galle
50%
FE4Jeanne
49.3%
FE5Tina
49.3%
FE4Tristan
48.6%
FE4Ishtore
48.6%
FE4Bloom
48.6%
FE5Lifis
48.6%
FE5Karin
48.6%
FE5Raydrik
48.6%
FE5Bloom
48.6%
FE4Laylea
47.9%
FE4Linda
47.9%
FE4Asaello
47.9%
FE5Lara
47.9%
FE5Galzus
47.9%
FE5Kempf
47.9%
FE6Murdock
47.9%
FE5Shiva
46.5%
FE5Sara
46.5%
FE5Miranda
46.5%
FE5Xavier
46.5%
FE4Muirne
45.8%
FE4Dalvin
45.8%
FE5Veld
45.8%
FE5Cain
45.1%
FE5Eda
45.1%
FE4Naga
44.4%
FE5Fergus
44.4%
FE5Dalsin
44.4%
FE4Robert
43.1%
FE5Brighton
43.1%
FE5Selfina
43.1%
FE5Robert
43.1%
FE5Dean
43.1%
FE5Homer
43.1%
FE5Linoan
43.1%
FE4Baldr
42.4%
FE5Machyua
42.4%
FE4Od
41.7%
FE5Glade
41%
FE4Deimne
39.6%
FE5Hicks
39.6%
FE4Loptyr
38.9%
FE4Thrud
38.9%
FE5Amalda
38.9%
FE5Alva
38.2%
FE5Troude
38.2%
FE5Sleuf
36.8%
FE4Heim
36.1%
FE5Carrion
36.1%
FE5Ilios
36.1%
FE4Forseti
35.4%
FE4Sety
35.4%
FE4Bragi
35.4%
FE4Hezul
34.7%
Game Answer % Correct
FE4Fjalar
34.7%
FE5Conomor
34.7%
FE4Dain
34%
FE5Misha
34%
FE4Scipio
32.6%
FE4Ulir
32.6%
FE4Neir
31.3%
FE5Ralf
31.3%
FE4Burian
30.6%
FE4Danann
29.9%
FE4Njörun
29.9%
FE4Liza
29.2%
FE4Mus
27.8%
FE4Ovo
27.8%
FE5Mus
27.8%
FE5August
26.4%
FE4Tigris
25.7%
FE4Meng
25.7%
FE5Tigris
25.7%
FE4Draco
25%
FE4Porcus
25%
FE4Salamander
25%
FE5Draco
25%
FE4Bovis
24.3%
FE4Bleg
24.3%
FE4Maybell
24.3%
FE5Bovis
24.3%
FE4Muhammad
23.6%
FE5Dorias
23.6%
FE4Palmark
22.9%
FE4Jabarro
22.9%
FE4Vampa
22.9%
FE4Lepus
22.2%
FE4Canis
21.5%
FE4Eliu
21.5%
FE5Canis
21.5%
FE4Harold
20.8%
FE4Fetra
20.8%
FE4Maera
20.8%
FE4Simia
19.4%
FE4Gallus
19.4%
FE4Anguilla
18.8%
FE4Equus
18.8%
FE4Bramsel
18.1%
FE5Gomes
18.1%
FE4Ovis
17.4%
FE4Judah
17.4%
FE4Musar
16.7%
FE5Weissman
16.7%
FE4Disler
16%
FE4Yupheel
16%
FE4Schmidt
15.3%
FE4Kutuzov
15.3%
FE4Coruta
15.3%
FE4Ridale
15.3%
FE4Boyce
15.3%
FE5Largo
15.3%
FE5Wolf
15.3%
FE4Rodan
14.6%
FE4Fisher
14.6%
FE5Rumei
14.6%
FE4Kanatz
13.9%
FE4Morigan
13.9%
FE4Zagam
13.9%
FE5Bucks
13.9%
FE4Maikov
13.2%
FE5Aizenau
13.2%
FE5Rist
13.2%
FE5Paulus
13.2%
FE5Gustav
13.2%
FE4Daggon
12.5%
FE5Lobos
12.5%
FE5Truman
12.5%
FE5Merlock
12.5%
FE5Dobalzark
12.5%
FE5Colho
12.5%
FE5Barat
12.5%
FE5Cowen
12.5%
FE4Felipe
11.8%
FE5Bandol
11.8%
FE5Oltof
11.8%
FE5Codda
11.8%
FE5Zile
11.8%
FE5Nicolov
11.8%
FE5Brook
11.8%
FE5Zaom
11.8%
FE5Aihiman
11.1%
FE5Mua
11.1%
FE5Mueller
11.1%
FE5Rinecok
11.1%
FE5Seimetol
11.1%
FE5Fraus
11.1%
FE5Alfan
11.1%
FE5Palman
10.4%
Remove Ads.
Support Sporcle.
Get the best of Sporcle when you Go Orange. This ad-free experience offers more features, more stats, and more fun while also helping to support Sporcle. Thank you for becoming a member.

You're not logged in!

Compare scores with friends on all Sporcle quizzes.
OR
Log In

You Might Also Like...

Show Comments

Extras

Top Quizzes Today


Score Distribution

Your Account Isn't Verified!

In order to create a playlist on Sporcle, you need to verify the email address you used during registration. Go to your Sporcle Settings to finish the process.

Report this User

Report this user for behavior that violates our Community Guidelines.

Details: